Statystyki dla Reprezentacje Pucharu Świata w skokach narciarskich z całej historii

Kliknij tutaj aby rozwiązać quiz!

Ogólne statystyki

  • Ten quiz został rozwiązany 317 razy
    (278 od ostatniego zresetowania)
  • Średni wynik to 29 z 40

Statystyki odpowiedzi

Reprezentacje% Poprawnych
Polska
98%
Niemcy
94%
Norwegia
94%
Finlandia
93%
Austria
92%
Czechy
92%
Japonia
91%
Rosja
91%
Włochy
90%
Słowenia
89%
Stany Zjednoczone
89%
Szwecja
89%
Francja
87%
Słowacja
87%
Ukraina
85%
Estonia
84%
Kanada
84%
Chiny
83%
Kazachstan
81%
Rumunia
81%
Bułgaria
80%
Szwajcaria
80%
Korea Południowa
78%
Turcja
78%
Hiszpania
76%
Łotwa
72%
Holandia
70%
Białoruś
69%
Grecja
69%
Wielka Brytania
68%
Węgry
63%
Chorwacja
59%
Gruzja
55%
Islandia
55%
Jugosławia
44%
Czechosłowacja
39%
Związek Socjalistycznych Republik Radzieckich
39%
Niemiecka Republika Demokratyczna
32%
Kirgistan
30%
Wspólnota Niepodległych Państw
3%

Rozkład punktacji

Percentyl według liczby udzielonych odpowiedzi

Procent ludzi z każdym wynikiem

Twoja historia wyników

Nie rozwiązałeś tego quizu od ostatniego zresetowania